000 00787nam1a22002411 4500
001 rc\3715490
005 20130115153112.9
035 _a(NLR Aleph) 007770945
090 _a7467267
_c7467267
100 _a20130115d1971 |||y0rusy50 ca
101 0 _arus
102 _aRU
105 _a z |||||
200 1 _aОсновы телефонии и теории телефонных сообщений
_eУчеб. пособие
_eЧ. 1-
_fСтавропольское высш. командное училище связи
210 _aСтаврополь
_cБ. и.
_d1971
215 _d23
700 1 _aСакевич
_bВ. Ф.
701 1 _aБрусникин
_bВ. А.
801 0 _aRU
_bNLR
_gpsbo
801 1 _aRU
_bELAR
_2rusmarc
852 _aNLR
_j71-5/7109
942 _cBOOK
980 _aNB